Indian kavya literature.V1-Literary criticism. (Record no. 95274)

MARC details
000 -LEADER
fixed length control field 00448nam a2200169Ia 4500
008 - FIXED-LENGTH DATA ELEMENTS--GENERAL INFORMATION
fixed length control field 210210b1989 xxu||||| |||| 00| 0 eng d
020 ## - INTERNATIONAL STANDARD BOOK NUMBER
International Standard Book Number 81 208 0446 5
082 ## - DEWEY DECIMAL CLASSIFICATION NUMBER
Classification number 809.88914 WARI
100 ## - MAIN ENTRY--PERSONAL NAME
Personal name WARDER (A K).
245 ## - TITLE STATEMENT
Title Indian kavya literature.V1-Literary criticism.
260 ## - PUBLICATION, DISTRIBUTION, ETC.
Place of publication, distribution, etc. N D
Name of publisher, distributor, etc. Motilal Banarsidass
Date of publication, distribution, etc. 1989
300 ## - PHYSICAL DESCRIPTION
Extent xvii,294
440 ## - SERIES STATEMENT/ADDED ENTRY--TITLE
Title 1
650 ## - SUBJECT ADDED ENTRY--TOPICAL TERM
Topical term or geographic name entry element Indian Kavya Literature
690 ## - LOCAL SUBJECT ADDED ENTRY--TOPICAL TERM (OCLC, RLIN)
Topical term or geographic name as entry element Indian Literature
906 ## - LOCAL DATA ELEMENT F, LDF (RLIN)
a 045938
Holdings
Withdrawn status Lost status Damaged status Not for loan Collection code Home library Current library Shelving location Date acquired Cost, normal purchase price Total Checkouts Full call number Barcode Date last seen Price effective from Koha item type
          St Aloysius Library St Aloysius Library   02/17/2021 125.00   809.88914 WARI 045938 02/17/2021 02/17/2021 Book